000 00297nam a22001337a 4500
008 170503b xxu||||| |||| 00| 0 eng d
020 _a9780023207303
041 _aeng
080 _a343.9
100 _a13
101 _aSHJ
245 _aEXPLORING CRIMINOLOGY
_cCHAMBLISS.W.J
942 _2udc
_cBK
999 _c12530
_d12530